| 000 | 00754nam a2200205 4500 | ||
|---|---|---|---|
| 008 | 011024s1992 us 0 engYA | ||
| 020 | _a1555406645 | ||
| 090 |
_aBS2795.2 _bM36m |
||
| 100 | 1 | _aMartin, Troy W. | |
| 245 | 1 | 0 |
_aMetaphor and composition in 1 Peter / _cTroy W. Martin. |
| 260 |
_aGeorgia : _bScholars Press, _cc1992. |
||
| 300 | _axi, 383 p. | ||
| 490 | 1 |
_aSBL Dissertation series; _v131. |
|
| 500 | _aOriginally presented as the author's thesis (Ph.D.) University of Chicago, 1990. | ||
| 504 | _aIncludes bibliographical references | ||
| 650 | 4 |
_aBible. N.T. Peter, 1st _xLanguage, style. |
|
| 740 | 0 | 2 | _aMetaphor and composition in 1st Peter |
| 950 | 0 | _4.00 | |
| 951 |
_p24027 _x00010752 _oBS2795.2/M36m _j070613111009546 _d2000-12-21 _cGC |
||
| 999 |
_c4432 _d4432 |
||